| 000 | nam a22 7a 4500 | ||
|---|---|---|---|
| 999 |
_c128020 _d128020 |
||
| 008 | 180706b xxu||||| |||| 00| 0 eng d | ||
| 082 | _2PR1905.C4 | ||
| 100 |
_aChesterton, G. K. _941108 |
||
| 245 | _aChaucer | ||
| 260 |
_aLondon: _bFaber and Faber Ltd; _c1932. |
||
| 300 |
_a286p. _c21cm. |
||
| 600 |
_achaucer, Geofrey _941767 |
||
| 942 |
_2lcc _cMONOGRAPH |
||